01120cam a22003374a 450000100090000000300040000900500170001300600190003000700150004900800410006402000230010503500260012804000260015404200080018005000210018805000080020908200160021710000250023321000360025824500900029424600200038426000660040430000090047044000220047950400410050150600430054265000310058570000170061677300330063385601160066610136111OSt20180117090007.0m d cr n 030904s2004 enk sb 000 0 eng d a0761965424 (cloth) a(WaSeSS)ssj0000187146 aUBYcUBYdDLCdWaSeSS apcc 4aH62b.P3234 2004 4aH6200a300/.722221 aPayne, Geoff,d1944-10aKey concepts in social research10aKey concepts in social researchh[electronic resource] /cGeoff Payne and Judy Payne.30aSocial research aLondon ;aThousand Oaks, Calif. :bSAGE Publications,cc2004. a242p 0aSAGE key concepts aIncludes bibliographical references. aLicense restrictions may limit access. 0aSocial sciencesxResearch.1 aPayne, Judy. 0tSAGE Research Methods Online40uhttp://www.columbia.edu/cgi-bin/cul/resolve?clio10136111zFull text available from SAGE Research Methods Online